000 00749cam a2200253 a 4500
001 000009013
005 20200929161449.0
008 960703s2000 mx 000 f spa d
020 _a9681902688
040 _aDO-SdBNP
_cDLC
_dDLC
082 _aM863.44
_bF954f, 2000
100 1 _aFuentes, Carlos,
_11928-
_917556
245 1 3 _aLa frontera de cristal :
_buna novela en nueve cuentos /
_cCarlos Fuentes.
250 _a2a ed.
260 _aMéxico :
_bAlfaguara,
_c2000.
300 _a298 p. ;
_c22 cm.
490 1 _aBiblioteca Carlos Fuentes
650 4 _aNovela mexicana
_93959
650 4 _aLiteratura mexicana
_91922
830 0 _aBiblioteca Carlos Fuentes
_923404
910 _aCatalogación por copia / LC
910 _aWM
049 _aBNGR
999 _c8777
_d8777